[Event "WY BU18 2012"]
[Site "Maribor SLO"]
[Date "2012.11.17"]
[Round "10.7"]
[White "Mammadov,Z"]
[Black "Predke,A"]
[Result "1-0"]
[WhiteElo "2449"]
[BlackElo "2509"]

1.e4 c5 2.c3 Nf6 3.e5 Nd5 4.Nf3 Nc6 5.Bc4 Nb6 6.Bb3 d5 7.exd6 c4 8.Bc2 e5
9.O-O Be6 10.d4 cxd3 11.Bxd3 Qxd6 12.Qc2 Rd8 13.Be4 Bd5 14.b3 Bxe4 15.Qxe4 Qd3
16.Qxd3 Rxd3 17.c4 f6 18.Be3 Be7 19.Rc1 Kf7 20.Ne1 Rd7 21.Bxb6 axb6 22.Nc3 Rhd8
23.Nc2 Bc5 24.Kf1 Nd4 25.Rab1 h5 26.Ne3 Ne6 27.Ned5 Bd4 28.Nb5 Rxd5 29.cxd5 Rxd5
30.Nc7 Rd7 31.Nxe6 Kxe6 32.Rc8 g6 33.b4 b5 34.Rbc1 Bb6 35.R1c2 Rd1+ 36.Ke2 Rg1
37.g3 h4 38.gxh4 Rg4 39.Rb8 Rxb4 40.Rxb7 Bd4 41.h5 gxh5 42.Rh7 Ra4 43.Rxh5 Ra3
44.Kf1 f5 45.Rh8 b4 46.Rb8 Bc3 47.h4 Kd5 48.Rb6 f4 49.h5 Bd4 50.Rxb4 Rh3
51.Kg2 Rxh5 52.a4 Ke4 53.Re2+ Kf5 54.Rb8 Bc5 55.Rc8 Bb4 56.Rb2 Rg5+ 57.Kf1 Be7
58.Rb7 Bd6 59.Rc6 Ba3 60.a5 Rh5 61.a6 f3 62.Ke1 Rh1+ 63.Kd2 Ra1 64.a7 e4
65.Rb5+ Kf4 66.a8=Q Bc1+ 67.Rxc1 Rxa8 68.Rb4 Ra2+ 69.Rc2 Ra1 70.Kc3 Ra3+
71.Kd4 Rd3+ 72.Kc5 Rd8 73.Rcc4 Rc8+ 74.Kd6 Re8 75.Rb7 Rd8+ 76.Rd7 Re8 77.Rf7+ Kg4
78.Kd5 Kh3 79.Rxe4 Rd8+ 80.Kc4 Kg2 81.Ref4 Rc8+ 82.Kd3 Rd8+ 83.Ke3 Re8+ 84.Re4 Ra8
85.Rg4+ Kf1 86.Kxf3 Ra3+ 87.Ke4 Ra4+ 88.Kf5  1-0

[Event "WY BU14 2012"]
[Site "Maribor SLO"]
[Date "2012.11.17"]
[Round "10.27"]
[White "Khorsandi,A"]
[Black "Vignesh,NR"]
[Result "0-1"]
[WhiteElo "1972"]
[BlackElo "2230"]

1.e4 c5 2.c3 Nf6 3.e5 Nd5 4.d4 cxd4 5.cxd4 e6 6.Nf3 d6 7.Bc4 Nb6 8.Bd3 Be7
9.Qe2 Nc6 10.a3 d5 11.Nc3 a6 12.h4 h6 13.g3 Bd7 14.Nd2 O-O 15.Nf3 f5 16.Be3 Na5
17.h5 Rc8 18.Nh4 Bxh4 19.Rxh4 Nbc4 20.Rc1 Qb6 21.Rc2 Qb3 22.Nd1 Ba4 23.Rc3 Qxd1+
24.Qxd1 Bxd1 25.Kxd1 Nxb2+ 26.Kc2 Nxd3 27.Kxd3 Rxc3+ 28.Kxc3 Rc8+ 29.Kd3 Nc4
30.Bc1 Nxe5+ 31.dxe5 Rxc1 32.Rb4 b5 33.a4 Rc4  0-1

[Event "11th Kheireddine Ameyar Mem 2012"]
[Site "Algiers ALG"]
[Date "2012.11.18"]
[Round "5.14"]
[White "Khelfallah,B"]
[Black "Meftahi,Houssem"]
[Result "1/2-1/2"]
[WhiteElo "2120"]
[BlackElo "2002"]

1.e4 c5 2.c3 Nf6 3.e5 Nd5 4.d4 cxd4 5.cxd4 Nc6 6.Nf3 d6 7.Bc4 Nb6 8.Bb3 dxe5
9.d5 Na5 10.Nc3 Nxb3 11.Qxb3 e6 12.Nxe5 exd5 13.Be3 Be6 14.Qb5+ Bd7 15.Nxd7 Qxd7
16.Bxb6 axb6 17.Qxd7+ Kxd7 18.Nxd5 Bc5 19.O-O Kc6 20.Ne3 Rhe8 21.Rfd1 b5
22.Rac1 Rad8 23.a3  1/2-1/2

[Event "11th Kheireddine Ameyar Mem 2012"]
[Site "Algiers ALG"]
[Date "2012.11.19"]
[Round "6.5"]
[White "Seraoui,Mohcen"]
[Black "Arab,A"]
[Result "0-1"]
[WhiteElo "2129"]
[BlackElo "2428"]

1.e4 c5 2.c3 Nf6 3.e5 Nd5 4.d4 cxd4 5.Nf3 e6 6.cxd4 d6 7.a3 Bd7 8.Bd3 Bc6
9.Qe2 Nd7 10.b4 a6 11.O-O Be7 12.Bd2 Rc8 13.Re1 N7b6 14.Ra2 Qd7 15.Rc2 Bb5
16.Rxc8+ Nxc8 17.Nc3 Nxc3 18.Bxc3 Bxd3 19.Qxd3 Nb6 20.d5 dxe5 21.Bxe5 f6
22.Bb2 Qxd5 23.Nd4 e5 24.Qg3 g6 25.Nf3 Nc4 26.Bc1 Kf7 27.Qh3 b5 28.g4 Qd7
29.Qg2 h5 30.g5 Qg4 31.Qxg4 hxg4 32.Nd2 Nxd2 33.Bxd2 Rd8 34.gxf6 Bxf6 35.Bc3 Ke6
36.Re3 Rd5 37.Kg2 Bg5 38.Re2 Bf4 39.Rc2 Rd3 40.Bb2 Rd2 41.Rxd2 Bxd2 42.h3 gxh3+
43.Kxh3 e4  0-1

[Event "11th Kheireddine Ameyar Mem 2012"]
[Site "Algiers ALG"]
[Date "2012.11.19"]
[Round "7.16"]
[White "Meddeb,Chadha"]
[Black "Houimel,Omar"]
[Result "1/2-1/2"]
[WhiteElo "1772"]
[BlackElo "1753"]

1.e4 c5 2.c3 Nf6 3.e5 Nd5 4.d4 cxd4 5.cxd4 d6 6.Nf3 Nc6 7.Bc4 Nb6 8.Bb5 dxe5
9.Nxe5 Bd7 10.Bxc6 Bxc6 11.Nxc6 bxc6 12.O-O e6 13.Nc3 Be7 14.Qf3 Nd5 15.Be3 O-O
16.Nxd5 cxd5 17.Rac1 Qa5 18.Qe2 Rfc8 19.a3 Rab8 20.Bf4 Ra8 21.h3 Qb6 22.Be5 Rc6
23.Qd2 Rac8 24.Bf4 h6 25.Be3 Qb3 26.Rxc6 Rxc6 27.Rc1 Rxc1+ 28.Qxc1 a5 29.Kf1 a4
30.Ke1  1/2-1/2

[Event "US Chess League KO Final 2012"]
[Site "ICC INT"]
[Date "2012.11.20"]
[Round "2"]
[White "Altounian,L"]
[Black "Orlov,G"]
[Result "1/2-1/2"]
[WhiteElo "2438"]
[BlackElo "2469"]

1.e4 c5 2.c3 Nf6 3.e5 Nd5 4.Nf3 e6 5.d4 cxd4 6.cxd4 d6 7.Bc4 Nc6 8.O-O Be7
9.Qe2 Nb6 10.Bd3 Nb4 11.exd6 Qxd6 12.Be4 f5 13.Bd3 Nxd3 14.Qxd3 Nd5 15.Nc3 O-O
16.Bg5 Bxg5 17.Nxg5 Bd7 18.Rfe1 Rac8 19.Nxd5 Qxd5 20.Re5 Qc4 21.Qe3 Rfe8
22.h4 h6 23.Nh3 Qb4 24.Qe2 Rc4 25.a3 Qa4 26.Nf4 Rxd4 27.Nxe6 Bxe6 28.Rxe6 Red8
29.Qf3 Rd1+ 30.Re1 Rxa1 31.Rxa1 Qb5  1/2-1/2

[Event "Plzen Open 2012"]
[Site "Plzen CZE"]
[Date "2012.11.20"]
[Round "3"]
[White "Chan,Na"]
[Black "Jiruse,J"]
[Result "1/2-1/2"]
[WhiteElo "1827"]
[BlackElo "2005"]

1.e4 c5 2.c3 Nf6 3.e5 Nd5 4.Nf3 Nc6 5.d4 cxd4 6.cxd4 e6 7.Bc4 d6 8.O-O Be7
9.a3 a6 10.Re1 b5 11.Bd3 Bb7 12.Qe2 Qb6 13.Qe4 dxe5 14.dxe5 Bc5 15.Rf1 Nd4
16.Qg4 Nxf3+ 17.gxf3 O-O-O 18.Be2 f5 19.Qh4 g5 20.Bxg5 Rdg8 21.Kh1 h6 22.Bf6 Nxf6
23.Qxf6 Bxf2 24.Nd2 Qe3 25.Qxe6+ Kb8 26.Qd6+ Ka8 27.Qd3 Qxe5 28.Rxf2 Rd8
29.Qc3 Qxc3 30.bxc3 Rxd2 31.Kg1 Re8 32.Kf1 Re3 33.a4 bxa4 34.Rxa4 Rxc3 35.Bxa6 Rxf2+
36.Kxf2 Rxf3+ 37.Kg1 Rc3 38.Bd3+ Kb8 39.Bxf5 Kc7 40.Rh4 Rc6  1/2-1/2

[Event "9th Vasylyshyn Mem IM"]
[Site "Lviv UKR"]
[Date "2012.11.21"]
[Round "2"]
[White "Szwed,J"]
[Black "Biriukov,N"]
[Result "1/2-1/2"]
[WhiteElo "2251"]
[BlackElo "2402"]

1.e4 c5 2.c3 Nf6 3.e5 Nd5 4.d4 cxd4 5.Qxd4 e6 6.Bd3 Nc6 7.Qe4 d6 8.exd6 Bxd6
9.Nf3 f5 10.Qe2 O-O 11.O-O Nf4 12.Bxf4 Bxf4 13.Bb5  1/2-1/2

[Event "9th Vasylyshyn Mem GM"]
[Site "Lviv UKR"]
[Date "2012.11.21"]
[Round "2"]
[White "Vysochin,S"]
[Black "Dastan,B"]
[Result "1/2-1/2"]
[WhiteElo "2515"]
[BlackElo "2370"]

1.e4 c5 2.c3 Nf6 3.e5 Nd5 4.Nf3 d6 5.d4 cxd4 6.cxd4 Nc6 7.Nc3 dxe5 8.dxe5 Nxc3
9.Qxd8+ Nxd8 10.bxc3 Bd7 11.Be3 Rc8 12.Kd2 Nc6 13.Rb1 b6 14.Ba6 Rc7 15.e6 Bxe6
16.Bf4 Rd7+ 17.Ke2 Rd5 18.a4 Rc5 19.Nd4 Bd7 20.Nb5 g5 21.Be3 Re5 22.Rhd1 e6
23.Kf1 f6 24.Rd3 Re4 25.f3 Rh4 26.a5 Ne5 27.axb6 axb6 28.Nc7+ Kf7 29.Rd4 Bc5
30.Rxh4 gxh4 31.Bxc5 bxc5 32.f4 Ng4 33.Rb7 Rg8 34.Nxe6 Ne3+ 35.Ke2 Kxe6 36.Kxe3 Rxg2
37.Bc4+ Kd6 38.Rb6+ Ke7 39.Rb7 Kd8 40.Rb8+ Kc7 41.Rh8 Rc2 42.Bd3 Rxh2 43.Rxh7 Kd6
44.Rh6 Rh3+ 45.Kd2 Rh2+ 46.Ke3 Rh3+ 47.Kd2  1/2-1/2

[Event "Plzen Open 2012"]
[Site "Plzen CZE"]
[Date "2012.11.22"]
[Round "5"]
[White "Chan,Na"]
[Black "Truksa,V2"]
[Result "1/2-1/2"]
[WhiteElo "1827"]
[BlackElo "1662"]

1.e4 c5 2.c3 Nf6 3.e5 Nd5 4.Nf3 e6 5.d4 cxd4 6.cxd4 d6 7.Bc4 Nb6 8.Bb3 dxe5
9.dxe5 Qxd1+ 10.Bxd1 Bb4+ 11.Bd2 Bxd2+ 12.Nbxd2 Bd7 13.O-O O-O 14.Bb3 Na6
15.Rac1 Rac8 16.Ne4 Rxc1 17.Rxc1 Bc6 18.Nd6 Bxf3 19.gxf3 Rb8 20.f4 g6 21.a3 Kf8
22.Kg2 Nd7 23.Bc4 Nc7 24.b4 Ne8 25.Nxe8 Kxe8 26.Bb5 a6 27.Be2 Kd8 28.Bf3 Rc8
29.Rd1 Rc7 30.Rd6 Kc8 31.Be4 b6 32.Bd3 Kb7 33.h4 Nb8 34.Be4+ Ka7 35.Rd3 h5
36.Kf3 Nd7 37.a4 a5 38.b5 Nc5 39.Rc3 Rd7 40.Rc4 Nxe4 41.Kxe4 Kb7  1/2-1/2

[Event "Malta Open 2012"]
[Site "Bugibba MLT"]
[Date "2012.11.23"]
[Round "7"]
[White "Heberla,B"]
[Black "Hasangatin,R"]
[Result "1/2-1/2"]
[WhiteElo "2536"]
[BlackElo "2485"]

1.e4 c5 2.c3 Nf6 3.e5 Nd5 4.Nf3 e6 5.d4 cxd4 6.cxd4 d6 7.Bc4 Nb6 8.Bd3 Nc6
9.O-O dxe5 10.dxe5 Nb4 11.Be4 Qxd1 12.Rxd1 N4d5 13.a4 a5 14.Nc3 Nxc3 15.bxc3 Bc5
16.Nd4 O-O 17.Nb3 Be7 18.f4 Bd7 19.Be3 Bxa4 20.Bxb6 Bxb3 21.Rd7 Rfe8 22.Bxb7 Rab8
23.Rxa5 g5 24.g3 gxf4 25.gxf4 Bd5 26.Ra7 Bf8 27.Be3 Rxb7 28.Raxb7 Bxb7 29.Rxb7 Rc8
30.Rb3 Bc5 31.Kf2 Bxe3+ 32.Kxe3 Rc4 33.Kd3 Rxf4 34.c4 Rf3+ 35.Kc2 Rf5 36.c5 Kf8
37.c6 Ke7 38.Rb7+ Kd8 39.Kd3 Rxe5 40.Rxf7 Rh5 41.Ke4 Rxh2 42.Ke5 Kc8 43.Kd6 Rd2+
44.Kxe6 h5 45.Rh7  1/2-1/2

[Event "VIII Governor's Cup"]
[Site "Khanty-Mansiysk RUS"]
[Date "2012.11.23"]
[Round "9.6"]
[White "Yudin,S"]
[Black "Zhigalko,S"]
[Result "1/2-1/2"]
[WhiteElo "2546"]
[BlackElo "2682"]

1.e4 c5 2.c3 Nf6 3.e5 Nd5 4.Nf3 Nc6 5.d4 cxd4 6.cxd4 d6 7.Bc4 Nb6 8.Bb5 dxe5
9.Nxe5 Bd7 10.Nxd7 Qxd7 11.Nc3 e6 12.O-O Rc8 13.Be3 a6 14.Bxc6 Rxc6 15.Qb3 Be7
16.d5 Nxd5 17.Rfd1 O-O 18.Nxd5 exd5 19.Rxd5 Qe6 20.Rad1 b5 21.g3 h6 22.Qd3 Rfc8
23.b3 Rc3 24.Qf1 R8c6 25.R5d3 Rxd3 26.Qxd3 Rd6 27.Qc2 Rxd1+ 28.Qxd1 Qc6 29.Qd3 Bf6
30.Qd1 Be7 31.Qd3 Bf6 32.Qd1 Be7 33.Qd3 Bf6  1/2-1/2

[Event "XXVI Belgrade Trophy 2012"]
[Site "Belgrade SRB"]
[Date "2012.11.24"]
[Round "1.22"]
[White "Katic,G"]
[Black "Stankovic,Milo"]
[Result "0-1"]
[WhiteElo "1932"]
[BlackElo "2359"]

1.e4 c5 2.c3 Nf6 3.e5 Nd5 4.d4 cxd4 5.Nf3 Nc6 6.Bc4 e6 7.cxd4 d6 8.O-O Be7
9.Qe2 Nb6 10.Bd3 Nb4 11.Rd1 Nxd3 12.Rxd3 Bd7 13.Nc3 Bc6 14.Bf4 Nd5 15.Nxd5 Bxd5
16.Rc1 dxe5 17.Nxe5 O-O 18.Rg3 Bh4 19.Rh3 Bf6 20.Qh5 Be4 21.Rd1 Qd5 22.f3 Bc2
23.Rd2 Rac8 24.Rxc2 Qxd4+ 25.Rf2 h6  0-1

[Event "British Rapidplay"]
[Site "Leeds ENG"]
[Date "2012.11.24"]
[Round "5.6"]
[White "Surtees,M"]
[Black "Grant,D ENG"]
[Result "1-0"]
[WhiteElo "2109"]
[BlackElo "2084"]

1.e4 c5 2.c3 Nf6 3.d3 Nc6 4.f4 d5 5.e5 Bg4 6.Qb3 Nh5 7.Be2 Bxe2 8.Nxe2 Qd7
9.h3 g6 10.Nd2 g5 11.g4 Nxf4 12.Nxf4 gxf4 13.Nf3 h5 14.g5 O-O-O 15.Bd2 Qf5
16.O-O-O Qxd3 17.Rhf1 Qe4 18.Rde1 Qf5 19.Qa4 Bg7 20.Qxf4 Qe6 21.h4 d4 22.Kb1 dxc3
23.Bxc3 Rd5 24.a3 Rhd8 25.Ka1 b5 26.Qe4 a5 27.Rc1 Kb8 28.Be1 Kb7 29.Bf2 c4
30.Qe3 R8d7 31.Qb6+ Kc8 32.Qa6+ Rb7 33.a4 Kc7 34.Rfe1 Qg4 35.Re3 Ra7 36.Qxb5 Rxb5
37.axb5 Nd4 38.Rec3 Rb7 39.Rxc4+ Kd7 40.Rxd4+ Qxd4 41.Nxd4 Bxe5 42.Nc6 Bg7
43.Rd1+ Kc7 44.Rd5 e6 45.Rc5 Kd6 46.Nxa5 Rb8 47.Nc4+ Kd7 48.b6 Ra8+ 49.Kb1 e5
50.Rc7+ Kd8 51.Bc5 e4 52.Be7+ Ke8 53.Nd6+  1-0

[Event "ch-Commonwealth 2012"]
[Site "Chennai IND"]
[Date "2012.11.25"]
[Round "4"]
[White "Senador,E"]
[Black "Adly,A"]
[Result "1/2-1/2"]
[WhiteElo "2352"]
[BlackElo "2607"]

1.e4 c5 2.c3 Nf6 3.e5 Nd5 4.d4 cxd4 5.cxd4 d6 6.Nf3 Nc6 7.Bc4 Nb6 8.Bb3 d5
9.Be3 Bf5 10.Nh4 Bxb1 11.Rxb1 e6 12.g3 Bb4+ 13.Kf1 Be7 14.Qg4 g5 15.Ng2 h5
16.Qe2 h4 17.gxh4 gxh4 18.Nf4 Qd7 19.Rg1 O-O-O 20.Kg2 Rdg8+ 21.Kh1 Qe8 22.Rxg8 Rxg8
23.Rg1 Rxg1+ 24.Kxg1 Qg8+ 25.Kh1 a5 26.Bc2 Kd7 27.h3 a4 28.Bd3 a3 29.bxa3 Bxa3
30.Qc2 Be7 31.Bb5 Na8 32.Qb1 Nc7 33.Be2 Qa8 34.Bh5 Nd8 35.Kh2 Kc8  1/2-1/2

[Event "3rd Thanksgiving Open"]
[Site "Saint Louis USA"]
[Date "2012.11.25"]
[Round "5"]
[White "Kleiman,J"]
[Black "Bregadze,L"]
[Result "1/2-1/2"]
[WhiteElo "2371"]
[BlackElo "2361"]

1.e4 c5 2.c3 Nf6 3.e5 Nd5 4.Bc4 Nb6 5.Bb3 d5 6.exd6 Qxd6 7.Nf3 g6 8.d4 Bg7
9.O-O O-O 10.Be3 cxd4 11.Nxd4 Bd7 12.a4 Nd5 13.Bg5 Qc5 14.Bxd5 Qxd5 15.Bxe7 Re8
16.Bh4 a6 17.Qb3 Qe4 18.Nf3 Be6 19.Qd1 Nc6 20.Re1 Qf5 21.Nbd2 Bd5 22.Qb1 Rxe1+
23.Qxe1 h6 24.Qb1 Qxb1+ 25.Rxb1 g5 26.Bg3 Rd8 27.Nf1 f5 28.Bc7 Rc8 29.Bb6 Bxf3
30.gxf3 Ne5 31.Kg2 Nc4 32.Bd4 Bxd4 33.cxd4 f4 34.b3 Nd6 35.Nd2 Nf5 36.d5 Rc2
37.Rd1 Ne3+ 38.fxe3 fxe3 39.Kf1 Kf7 40.Ke2 exd2 41.Rxd2 Rc3 42.Rd3 Rc2+ 43.Ke3 Ke7
44.h3 Kd6 45.Ke4 Rh2 46.f4 gxf4 47.Kxf4 Rg2 48.h4 h5 49.Rg3 Rd2 50.Ke4 Re2+
51.Kf5  1/2-1/2

[Event "22nd TCh-SLO 2012"]
[Site "Slovenia SLO"]
[Date "2012.11.25"]
[Round "3"]
[White "Pavasovic,D"]
[Black "Horvath,Ad1"]
[Result "1-0"]
[WhiteElo "2555"]
[BlackElo "2495"]

1.e4 c5 2.c3 Nf6 3.e5 Nd5 4.Nf3 e6 5.Bc4 d6 6.d4 cxd4 7.cxd4 Be7 8.O-O O-O
9.Re1 b6 10.Bxd5 exd5 11.Nc3 Be6 12.Bf4 Nc6 13.Nb5 dxe5 14.Nxe5 Nxe5 15.Bxe5 Bf5
16.Qb3 Qd7 17.Nc7 Rad8 18.Rac1 h5 19.h3 h4 20.Bf4 Be4 21.Qe3 Bb4 22.Red1 Rc8
23.f3 Bf5 24.a3 Be7 25.Rc3 Bf6 26.Rdc1 Qd8 27.Kh1 Kh7 28.Rc6 Bd7 29.Qd3+ Kg8
30.R6c3 Bg5 31.Qe3 Be7 32.Nxd5 Bf6 33.Bc7 Qe8 34.Nxf6+ gxf6 35.Qf4  1-0

[Event "XXVI Belgrade Trophy 2012"]
[Site "Belgrade SRB"]
[Date "2012.11.26"]
[Round "3.27"]
[White "Protsenko,R"]
[Black "Trailovic,A"]
[Result "1-0"]
[WhiteElo "2263"]
[BlackElo "2105"]

1.e4 c5 2.c3 Nf6 3.e5 Nd5 4.d4 cxd4 5.Nf3 Nc6 6.cxd4 d6 7.Bc4 e6 8.O-O Be7
9.Qe2 O-O 10.Qe4 Ndb4 11.exd6 Qxd6 12.Bf4 Qd8 13.Nc3 Na5 14.Be2 Nd5 15.Bd2 Bf6
16.Ne5 Nc6 17.Nxc6 bxc6 18.Rfd1 Rb8 19.Na4 Nb6 20.Bf4 Ra8 21.Nc5 Nd5 22.Bd2 Rb8
23.b3 Qd6 24.Rac1 Re8 25.Nd3 Ba6 26.Ne5 Bxe2 27.Qxe2 Bxe5 28.dxe5 Qa3 29.Be1 Rec8
30.Rc4 Qa6 31.Qc2 h6 32.Rd3 c5 33.Rh3 Ne7 34.Bd2 Ng6 35.f4 Rd8 36.Rf3 Rd5
37.Be3 Rbd8 38.h3 Rd1+ 39.Kh2 Nh4 40.Rf2 R1d3 41.Bxc5 R8d5 42.Ra4 Qc6 43.Bxa7 Rc3
44.Qe4 Qd7 45.Bd4 Rc8 46.g4 g6 47.Be3 Rc3 48.Rc4 Rcd3 49.Rc5 Rd1 50.Rxd5 exd5
51.Qc2 Re1 52.Qd2 Rb1  1-0

[Event "CCSCSL GM Inv"]
[Site "Saint Louis USA"]
[Date "2012.11.26"]
[Round "2.3"]
[White "Neimer,V"]
[Black "Priyadharshan,K"]
[Result "1-0"]
[WhiteElo "2411"]
[BlackElo "2408"]

1.e4 c5 2.c3 Nf6 3.e5 Nd5 4.d4 cxd4 5.Nf3 e6 6.cxd4 Nc6 7.a3 d6 8.Bd3 dxe5
9.dxe5 g6 10.O-O Bg7 11.Re1 Qc7 12.Qe2 O-O 13.h4 Rd8 14.h5 Nde7 15.Bg5 Nd4
16.Nxd4 Rxd4 17.Nc3 Nc6 18.Nb5 Qxe5 19.Qxe5 Nxe5 20.Nxd4 Nxd3 21.Red1 Nxb2
22.Nb5 Nxd1 23.Rxd1 h6 24.Be3 Be5 25.Rd8+ Kg7 26.Nxa7 b6 27.Nxc8 Bf6 28.Re8 gxh5
29.Bc1 Ra5 30.Nxb6 Rb5 31.Be3 Rb1+ 32.Kh2 Be5+ 33.f4 Bc7 34.Nc4 Kg6 35.Rc8 Bb8
36.Kg3 Kf5 37.Rc5+ e5 38.fxe5 f6 39.Nd6+ Ke6 40.Rb5 Rxb5 41.Nxb5 Kd5 42.a4 Kc4
43.Nd6+ Kb4 44.Bf4 fxe5 45.Bxe5 Kxa4 46.Kh4 Kb4 47.Kxh5 Kc5 48.Nb7+ Kd5  1-0

[Event "XXVI Belgrade Trophy 2012"]
[Site "Belgrade SRB"]
[Date "2012.11.28"]
[Round "5.12"]
[White "Hrzic,I"]
[Black "Rajkovic,Du"]
[Result "0-1"]
[WhiteElo "2290"]
[BlackElo "2418"]

1.e4 c5 2.c3 Nf6 3.e5 Nd5 4.d4 cxd4 5.Nf3 e6 6.cxd4 d6 7.Bc4 Nc6 8.Qe2 Be7
9.O-O O-O 10.Nc3 dxe5 11.dxe5 Nxc3 12.bxc3 b6 13.Bd3 Qc7 14.Bf4 Bb7 15.Nd2 Rfd8
16.Rfd1 Rd5 17.Be4 Rdd8 18.Qh5 g6 19.Qf3 Rac8 20.g3 Ba6 21.Bxc6 Qxc6 22.Qxc6 Rxc6
23.Ne4 Bd3 24.Nd6 Be2 25.Rd2 Bf3 26.Nb5 g5 27.Rxd8+ Bxd8 28.Nd4 Rxc3 29.Be3 Bd5
30.Nb5 Rc2 31.Nxa7 Bxa2 32.Nc6 Rxc6 33.Rxa2 Rc8 34.Rb2 Rb8 35.Rb5 Kf8 36.Kg2 g4
37.Bc5+ Ke8 38.Bd6 Ra8 39.Rb4 h5 40.h3 gxh3+ 41.Kxh3 Kd7 42.g4 hxg4+ 43.Kxg4 f5+
44.Kh5 Ra2 45.f4 Rg2 46.Rd4 Rg4 47.Ba3+ Ke8 48.Kh6 b5 49.Kh5 Rg3 50.Bb4 Bc7
51.Be1 Rg1 52.Bh4 Rh1 53.Rd2 b4 54.Rg2 b3 55.Rg7 b2 56.Re7+ Kd8  0-1

[Event "XXVI Belgrade Trophy 2012"]
[Site "Belgrade SRB"]
[Date "2012.11.29"]
[Round "6.2"]
[White "Kislinsky,A"]
[Black "Todorovic,GM"]
[Result "1/2-1/2"]
[WhiteElo "2556"]
[BlackElo "2479"]

1.e4 c5 2.c3 Nf6 3.e5 Nd5 4.Bc4 Nb6 5.Bb3 c4 6.Bc2 Nc6 7.Nf3 Qc7 8.Qe2 g5
9.Na3 g4 10.Nb5 Qb8 11.Ng5 Nxe5 12.O-O d6 13.Re1 Bd7 14.d4 cxd3 15.Bxd3 a6  1/2-1/2

[Event "ch-Commonwealth 2012"]
[Site "Chennai IND"]
[Date "2012.11.29"]
[Round "9"]
[White "Patil,Pr2"]
[Black "Narayanan,Sri"]
[Result "1/2-1/2"]
[WhiteElo "2208"]
[BlackElo "2438"]

1.e4 c5 2.c3 Nf6 3.e5 Nd5 4.d4 cxd4 5.Nf3 e6 6.cxd4 d6 7.Bc4 Nc6 8.O-O Be7
9.Qe2 O-O 10.Re1 Na5 11.Bxd5 exd5 12.Nc3 Be6 13.Bf4 dxe5 14.dxe5 d4 15.Red1 Nc6
16.Qe4 Qb6 17.Nxd4 Nxd4 18.Qxd4 Qxb2 19.Nd5 Ba3 20.Qxb2 Bxb2 21.Rab1 Rfd8
22.Rxb2 Rxd5 23.Rxd5 Bxd5 24.Rd2 Be6 25.Be3 h5 26.h4 b6 27.Rc2 b5 28.Rc7 a5
29.Ra7 Rxa7 30.Bxa7 Bxa2 31.Bb6 a4 32.Bc5 Bd5 33.f4 Kh7 34.Kf2 Kg6 35.g3 Kf5
36.Ke3 Kg4 37.Kf2 Be6 38.Bd6 Bc4 39.Bf8 g6 40.Bb4 Bb3 41.Bd6 Be6 42.Bf8 Bf5
43.Bd6 Bb1 44.Bf8 g5 45.hxg5 h4 46.gxh4 Kxf4 47.Ke2 Ke4 48.Kd2 Kd4 49.Kc1 Bg6
50.Kb2 Kc4 51.Ka3  1/2-1/2

[Event "CCSCSL GM Inv"]
[Site "Saint Louis USA"]
[Date "2012.11.29"]
[Round "7.5"]
[White "Neimer,V"]
[Black "Esserman,M"]
[Result "1/2-1/2"]
[WhiteElo "2411"]
[BlackElo "2445"]

1.e4 c5 2.c3 Nf6 3.e5 Nd5 4.d4 cxd4 5.cxd4 d6 6.Nf3 Nc6 7.Bc4 Nb6 8.Bb5 dxe5
9.Nxe5 Bd7 10.Nxd7 Qxd7 11.Nc3 e6 12.O-O Be7 13.Qg4 O-O 14.Bxc6 bxc6 15.Bh6 Bf6
16.Rfd1 Kh8 17.Ne4 Rg8 18.Bf4 Qd5 19.Nd6 Rgf8 20.Rac1 Be7 21.Rc5 f5 22.Qg3 Qxa2
23.Be5 Bf6 24.Rxc6 f4 25.Qg4 Nd7 26.Rc7 Nxe5 27.dxe5 Qa5 28.Nf7+ Rxf7 29.Rxf7 Qxe5
30.b4 h6 31.h3 Rb8 32.Qg6 f3 33.gxf3 Qe2 34.Rdd7 Rc8 35.Kg2 Qb2 36.Qd3 Kg8
37.Rc7 Rxc7 38.Rxc7 Qxb4 39.Qg6 Qb8 40.Qc2 Qb5 41.Rc5 Qb6 42.Qc4 Qd6 43.Rc6 Qd5
44.Qxd5 exd5 45.Ra6 Kf7 46.f4 Bd4 47.Rd6 Bb6 48.Rxd5 Ke6 49.Rb5 Kd6 50.Kf3 Kc6
51.Rb2 Bd4 52.Rb8 a5 53.Ke4 Bf6 54.Kd3 a4 55.Kc4 a3 56.Ra8 Bb2 57.Ra6+ Kd7
58.Kd5 Kc7 59.Kc4 Kd7 60.h4 Ke7 61.h5 Kf7 62.Kd5 Ke7 63.Ke4 Kd7 64.Kf5 Kc7
65.Kg6 Kb7 66.Ra4 Kc6 67.f5 Kb5 68.Rxa3 Bxa3 69.Kxg7 Kc6 70.f6 Bb2 71.Kxh6 Bxf6
72.Kg6 Ba1 73.f4 Kd6 74.Kf7 Kd5 75.f5 Bh8 76.h6 Ke5 77.Kg6 Bf6 78.h7 Bh8
79.Kg5 Bf6+  1/2-1/2

[Event "ch-Commonwealth 2012"]
[Site "Chennai IND"]
[Date "2012.11.30"]
[Round "10"]
[White "Dzhumaev,M"]
[Black "Nolte,R"]
[Result "1-0"]
[WhiteElo "2530"]
[BlackElo "2445"]

1.e4 c5 2.c3 Nf6 3.e5 Nd5 4.Nf3 Nc6 5.d4 cxd4 6.Bc4 Nb6 7.Bb3 d5 8.exd6 Qxd6
9.O-O Be6 10.Na3 dxc3 11.Nb5 Qxd1 12.Rxd1 Rc8 13.Bxe6 fxe6 14.Nxc3 h6 15.Nb5 Nd5
16.Re1 g5 17.Rxe6 Kf7 18.Re4 Bg7 19.h4 a6 20.Nc3 Nxc3 21.bxc3 gxh4 22.Rb1 Rhd8
23.Be3 Rd7 24.Rxh4 Bxc3 25.Rxh6 Bf6 26.Ng5+ Bxg5 27.Bxg5 Rg8 28.Be3 Rg6 29.Rh7+ Kg8
30.Rh5 b5 31.a4 bxa4 32.Rh4 a3 33.Ra4 Ne5 34.Ra1 Nf3+ 35.Kf1 Nh2+ 36.Kg1 Nf3+
37.Kh1 e5 38.g3 Rh7+ 39.Kg2 Nh4+ 40.Kf1 Nf5 41.R1xa3 Nxe3+ 42.Rxe3 Re7 43.Rae4 Rge6
44.f4 Kf7 45.f5 Rb6 46.g4 Kf6 47.Kg2 a5 48.Kf3 Rb4 49.Ra3 Rxe4 50.Kxe4 Rg7
51.Kf3 Ra7 52.Ra4 Kg5 53.Ke4 Kxg4 54.Kxe5+ Kg5 55.f6 Kg6 56.Rg4+ Kh7 57.Kf5 a4
58.Rh4+ Kg8 59.Kg6 a3 60.Rb4 Ra8 61.Rb7 Rd8 62.Rg7+ Kf8 63.Rh7 Ke8 64.Rh8+ Kd7
65.Rxd8+  1-0

[Event "TCh-HUN 2012-13"]
[Site "Budapest HUN"]
[Date "2012.12.02"]
[Round "5"]
[White "Schneider,Ve"]
[Black "Erdelyi,T"]
[Result "1/2-1/2"]
[WhiteElo "2313"]
[BlackElo "2146"]

1.e4 c5 2.c3 Nf6 3.e5 Nd5 4.Nf3 e6 5.d4 cxd4 6.cxd4 b6 7.Nc3 Nxc3 8.bxc3 Qc7
9.Bd2 Bb7 10.Bd3 d6 11.O-O Nd7 12.Ng5 g6 13.Qg4 dxe5 14.Rae1 Be7 15.f4 e4
16.Bc2 Nf6 17.Qh3 h5 18.Kh1 Bd5 19.Nxe4 Bxe4 20.Bxe4 Nxe4 21.Rxe4 Qc4 22.Rfe1 Kf8
23.a4 Bf6 24.Qf3 Rd8 25.Qe2 Qxe2 26.R4xe2 Kg7 27.Rb1 Rd7 28.Be1 Rc8 29.Ra2 Bd8
30.Kg1 Rc6  1/2-1/2

[Event "22nd TCh-SLO 2012"]
[Site "Slovenia SLO"]
[Date "2012.12.02"]
[Round "6"]
[White "Stevic,H"]
[Black "Markus,Rob"]
[Result "1/2-1/2"]
[WhiteElo "2622"]
[BlackElo "2619"]

1.e4 c5 2.c3 Nf6 3.e5 Nd5 4.d4 cxd4 5.Nf3 Nc6 6.cxd4 d6 7.Bc4 Nb6 8.Bb3 dxe5
9.d5 Na5 10.Nc3 Nxb3 11.Qxb3 e6 12.Nxe5 Nxd5 13.Qb5+ Bd7 14.Qxb7 Bb4 15.Nxd7 Qc8
16.Nc5 Qxb7 17.Nxb7 Rb8 18.Nd6+ Bxd6 19.Nxd5 exd5 20.O-O O-O 21.Rd1 Rfd8
22.Be3 Rxb2 23.Bxa7 Ra8 24.Rxd5 Rxa7 25.Rxd6 g6 26.h4 Rbxa2 27.Rxa2 Rxa2
28.h5 Ra1+ 29.Kh2 Kg7 30.hxg6 hxg6 31.Kg3  1/2-1/2

[Event "4th London Classic Open"]
[Site "London ENG"]
[Date "2012.12.04"]
[Round "4.5"]
[White "Roberson,P"]
[Black "Hamitevici,V"]
[Result "1/2-1/2"]
[WhiteElo "2350"]
[BlackElo "2440"]

1.e4 c5 2.c3 Nf6 3.e5 Nd5 4.Nf3 Nc6 5.d4 cxd4 6.cxd4 d6 7.Bc4 Nb6 8.Bb5 dxe5
9.Nxe5 Bd7 10.Nxd7 Qxd7 11.Nc3 Rd8 12.O-O e6 13.Be3 Be7 14.Qb3 O-O 15.Rfd1 Qc8
16.Na4 Nd5 17.Rac1 Rd6 18.Nc5 Qa8 19.Be2 b6 20.Ne4 Na5 21.Qd3 Nxe3 22.Qxe3 Rc6
23.Bf3 Rxc1 24.Rxc1 Qd8 25.Qc3 b5 26.b3 Qb6 27.Qc7 Bd8 28.Qxb6 Bxb6 29.Nd6 b4
30.d5 exd5 31.Bxd5 Rd8 32.Nc4 Nxc4 33.bxc4 Bc5 34.Kf1 Kf8 35.Ke2 Rd6 36.f4 Ra6
37.Rc2 Ra3 38.Bf3 a5 39.Rd2 a4 40.Kd1 Be3 41.Rb2 Bxf4 42.Rxb4 Rxa2 43.c5 Bxh2
44.Bd5 Ra1+ 45.Kc2 a3 46.Ra4 Ke7 47.Ra7+ Kd8 48.Bxf7 Bf4 49.Kb3 Rc1 50.Kxa3 Rxc5
51.Bg8 Rg5 52.Bxh7 Rxg2 53.Kb3 g5 54.Be4 Re2 55.Bf5 Bc7 56.Kc3 Re5 57.Bg4 Re4
58.Bd1 g4 59.Ra4 Rxa4 60.Bxa4 g3 61.Bc6 g2 62.Bxg2  1/2-1/2

[Event "4th London Classic Open"]
[Site "London ENG"]
[Date "2012.12.04"]
[Round "4"]
[White "Siddharth,Gopakumar"]
[Black "Tortolero,Cesar"]
[Result "1/2-1/2"]
[WhiteElo "2054"]
[BlackElo "1926"]

1.e4 c5 2.c3 Nf6 3.e5 Nd5 4.d4 cxd4 5.Nf3 e6 6.cxd4 Bb4+ 7.Bd2 Qa5 8.a3 Bxd2+
9.Qxd2 Qxd2+ 10.Nbxd2 O-O 11.Nc4 Nc6 12.Nd6 f6 13.Bc4 Nce7 14.O-O b6 15.Rac1 Rb8
16.Bb5 Rd8 17.Nd2 Bb7 18.Nxb7 Rxb7 19.Ne4 f5 20.Nd6 Rc7 21.Bc4 Kf8 22.Bxd5 Rxc1
23.Rxc1 Nxd5 24.Kf1 Rb8 25.a4 g5 26.g3 h5 27.Rc4 a5 28.Ke2 Ke7 29.Rc8 Rxc8
30.Nxc8+ Kd8 31.Nd6 g4 32.Nf7+ Kc7 33.f3 Kc6 34.fxg4 hxg4 35.Nd6 Nc7 36.Kd3 Nd5
37.Nb5 Nb4+ 38.Kc3 Kd5 39.Nd6 Nc6 40.Nc4 Ke4 41.Nxb6 Nxd4 42.Nxd7 Nf3 43.Kc4 Nxe5+
44.Nxe5 Kxe5 45.Kc5 f4 46.gxf4+ Kxf4 47.b4 axb4 48.Kxb4 e5 49.a5 e4 50.Kc3 e3
51.a6 g3 52.hxg3+ Kxg3 53.Kd3 Kf2 54.a7 e2 55.a8=Q e1=Q  1/2-1/2

[Event "4th London Classic Open"]
[Site "London ENG"]
[Date "2012.12.04"]
[Round "4"]
[White "Gregory,P"]
[Black "Parry,Jacques"]
[Result "1-0"]
[WhiteElo "2071"]
[BlackElo "1809"]

1.e4 c5 2.c3 Nf6 3.e5 Nd5 4.d4 cxd4 5.Nf3 d6 6.cxd4 Nc6 7.Bc4 Nb6 8.Bb5 Bd7
9.exd6 exd6 10.O-O Be7 11.Nc3 O-O 12.h3 Re8 13.Bd3 h6 14.Bf4 a6 15.a3 Be6
16.Re1 Bf8 17.Bc2 Ne7 18.Bb3 Bxb3 19.Qxb3 d5 20.Rac1 Nc4 21.Qxb7 Na5 22.Qc7 Qxc7
23.Bxc7 Nac6 24.Kf1 Nf5 25.Rxe8 Rxe8 26.Nxd5 Ncxd4 27.Nxd4 Nxd4 28.Re1 Rxe1+
29.Kxe1  1-0